000
00310nam a22001457a 4500
008
221219b ||||| |||| 00| 0 eng d
020
_a
9780198542681
041
_a
eng
080
_a
616.073
082
_a
616.073LEW
100
_a
12
101
_a
GENETIC
245
_a
GENES IV
_c
LEWIN B
942
_2
udc
_c
BK
999
_c
59207
_d
59207